[Event "GER-chT U12"]
[Site "Magdeburg"]
[Date "2023.12.30"]
[Round "7.3"]
[White "Vu, Khoi Nguyen"]
[Black "Shivkumar, Shreyas"]
[Result "1-0"]
[WhiteElo "1599"]
[BlackElo "1405"]
[PlyCount "45"]
[EventDate "2023.12.26"]
[EventType "team-swiss"]
[EventRounds "7"]
[EventCountry "GER"]
[SourceTitle "CB03_2024"]
[SourceDate "2024.01.17"]
[SourceVersion "1"]
[SourceVersionDate "2024.01.17"]
[SourceQuality "1"]
[WhiteTeam "Oberschoeneweide"]
[BlackTeam "Solingen"]
[WhiteTeamCountry "GER"]
[BlackTeamCountry "GER"]

1. e4 c6 2. Nf3 d5 3. Nc3 dxe4 4. Nxe4 Nf6 5. Qe2 Nxe4 6. Qxe4 Qa5 7. Bc4 Bf5 8. Qe5 Qxe5+ 9. Nxe5 e6 10. d3 Nd7 11. Nxd7 Kxd7 12. Be3 Bd6 13. 0-0-0 a5 14. a3 b5 15. Ba2 a4 16. d4 h6 17. c3 g5 18. Rd2 Bg6 19. Rhd1 f5 20. d5 Rad8 21. Bb6 Rb8 22. dxc6+ Kc8 23. Bxe6# 1-0

[Event "GER-chT U12"]
[Site "Magdeburg"]
[Date "2023.12.29"]
[Round "5.2"]
[White "Shivkumar, Shreyas"]
[Black "Gundermann, Mika Oleg"]
[Result "1-0"]
[WhiteElo "1405"]
[BlackElo "1636"]
[PlyCount "47"]
[EventDate "2023.12.26"]
[EventType "team-swiss"]
[EventRounds "7"]
[EventCountry "GER"]
[SourceTitle "CB03_2024"]
[SourceDate "2024.01.17"]
[SourceVersion "1"]
[SourceVersionDate "2024.01.17"]
[SourceQuality "1"]
[WhiteTeam "Solingen"]
[BlackTeam "Berlin Empor"]
[WhiteTeamCountry "GER"]
[BlackTeamCountry "GER"]

1. e4 d5 2. exd5 Nf6 3. Nc3 Nxd5 4. Bc4 Nb6 5. Bb3 Nc6 6. Qf3 e6 7. Nge2 Be7 8. d3 Na5 9. 0-0 Nxb3 10. axb3 c6 11. Qg3 0-0 12. Bh6 Bf6 13. Ne4 Kh8 14. Nxf6 Qxf6 15. Be3 Qd8 16. Ra5 Bd7 17. Rh5 Nd5 18. Qh3 Nf6 19. Bg5 e5 20. Qh4 Bf5 21. Bxf6 Qxf6 22. Qxf6 gxf6 23. Rxf5 Kg7 24. Ng3 1-0

[Event "GER-chT U12"]
[Site "Magdeburg"]
[Date "2023.12.27"]
[Round "1.10"]
[White "Shivkumar, Shreyas"]
[Black "Seeger, Lennert"]
[Result "1-0"]
[WhiteElo "1405"]
[BlackElo "1030"]
[PlyCount "93"]
[EventDate "2023.12.26"]
[EventType "team-swiss"]
[EventRounds "7"]
[EventCountry "GER"]
[SourceTitle "CB03_2024"]
[SourceDate "2024.01.17"]
[SourceVersion "1"]
[SourceVersionDate "2024.01.17"]
[SourceQuality "1"]
[WhiteTeam "Solingen"]
[BlackTeam "Magdeburg Schachzwerge"]
[WhiteTeamCountry "GER"]
[BlackTeamCountry "GER"]

1. e4 e5 2. Nc3 Nf6 3. f4 Nc6 4. fxe5 Nxe5 5. d4 Nc6 6. e5 Ng8 7. Nf3 d5 8. Be2 Bb4 9. 0-0 Be6 10. Ng5 Qd7 11. a3 Bxc3 12. bxc3 f6 13. Bh5+ g6 14. exf6 0-0-0 15. Nxe6 Re8 16. f7 Nge7 17. fxe8Q+ Rxe8 18. Be2 Qxe6 19. Bg4 Nf5 20. Qd3 Nce7 21. Bg5 Kb8 22. Rae1 Qd7 23. Bxe7 Rxe7 24. Bxf5 gxf5 25. Rxe7 Qxe7 26. Rxf5 a6 27. Re5 Qd7 28. Qf5 Qc6 29. Qf8+ Ka7 30. Qc5+ Qxc5 31. dxc5 b6 32. cxb6+ Kxb6 33. Rxd5 c6 34. Rh5 c5 35. Rxh7 Kb5 36. Rh4 a5 37. a4+ Kc6 38. Rf4 Kd6 39. h4 Ke5 40. g3 c4 41. h5 Ke6 42. h6 Kd7 43. h7 Ke7 44. h8Q Kd7 45. Rf6 Kc7 46. Qg7+ Kd8 47. Rf8# 1-0

[Event "GER-ch U10"]
[Site "Willingen"]
[Date "2023.05.29"]
[Round "4"]
[White "Weibrecht, Theo"]
[Black "Shivkumar, Shreyas"]
[Result "0-1"]
[WhiteElo "1170"]
[BlackElo "1394"]
[PlyCount "60"]
[EventDate "2023.05.27"]
[EventType "swiss"]
[EventRounds "11"]
[EventCountry "GER"]
[SourceTitle "CBM 214 Extra"]
[Source "ChessBase"]
[SourceDate "2023.07.31"]
[SourceVersion "1"]
[SourceVersionDate "2023.07.31"]
[SourceQuality "1"]

1. e4 c6 2. d4 d5 3. e5 Bf5 4. Bf4 e6 5. Nc3 Ne7 6. Nf3 Ng6 7. Bg5 Qb6 8. Rb1 c5 9. Bb5+ Nc6 10. 0-0 Qc7 11. dxc5 Bxc5 12. Na4 Be7 13. Be3 Ngxe5 14. Nxe5 Qxe5 15. Bd4 Qc7 16. Bxg7 Rg8 17. Bd4 Bh3 18. Qf3 Rxg2+ 19. Qxg2 Bxg2 20. Kxg2 0-0-0 21. Bxc6 Qxc6 22. Nc3 e5 23. Bxa7 Rg8+ 24. Kf3 d4+ 25. Ke2 dxc3 26. bxc3 Qa6+ 27. Kd2 Rd8+ 28. Bd4 Bg5+ 29. Ke1 exd4 30. Rd1 Re8# 0-1